[Event "CZE-chT1W 2324"]
[Site "Czech Republic"]
[Date "2023.10.29"]
[Round "1.2"]
[White "Stinka, Jakub"]
[Black "Bernasek, Jan"]
[Result "1-0"]
[WhiteElo "2309"]
[BlackElo "2515"]
[PlyCount "71"]
[EventDate "2023.10.29"]
[EventType "team-tourn"]
[EventRounds "11"]
[EventCountry "CZE"]
[SourceTitle "EXT 2025"]
[Source "ChessBase"]
[SourceDate "2024.10.14"]
[SourceVersion "1"]
[SourceVersionDate "2024.10.14"]
[SourceQuality "1"]
[WhiteTeam "Pankrac"]
[BlackTeam "Unichess"]
[WhiteTeamCountry "CZE"]
[BlackTeamCountry "CZE"]

1. d4 Nf6 2. c4 e6 3. Nc3 Bb4 4. e3 0-0 5. Bd3 d5 6. a3 Bxc3+ 7. bxc3 b6 8. cxd5 exd5 9. Ne2 Ba6 10. 0-0 c5 11. f3 Re8 12. Ng3 Bxd3 13. Qxd3 Nc6 14. Bb2 Rc8 15. e4 dxe4 16. fxe4 cxd4 17. cxd4 Ne5 18. Qe2 Nc4 19. Rae1 Qd7 20. Rxf6 gxf6 21. Nh5 Re6 22. Qg4+ Kf8 23. Bc3 Ke7 24. d5 Ne5 25. Qg3 Rxc3 26. Qxc3 Rd6 27. Nxf6 Kxf6 28. Rf1+ Ke7 29. Qxe5+ Kd8 30. Rxf7 Qxf7 31. Qxd6+ Kc8 32. Qc6+ Kb8 33. d6 Qg7 34. Qe8+ Kb7 35. Qe7+ Qxe7 36. dxe7 1-0

[Event "Olomouc GM-A 24th"]
[Site "Olomouc"]
[Date "2023.08.19"]
[Round "9"]
[White "Stinka, Jakub"]
[Black "Sorm, Daniel"]
[Result "1/2-1/2"]
[WhiteElo "2298"]
[BlackElo "2295"]
[PlyCount "57"]
[EventDate "2023.08.12"]
[EventType "tourn"]
[EventRounds "9"]
[EventCountry "CZE"]
[EventCategory "6"]
[SourceTitle "CBM 215 Extra"]
[Source "ChessBase"]
[SourceDate "2023.09.30"]
[SourceVersion "1"]
[SourceVersionDate "2023.09.30"]
[SourceQuality "1"]

1. d4 Nf6 2. c4 e6 3. Nc3 Bb4 4. e3 0-0 5. Bd3 d5 6. a3 dxc4 7. Bxc4 Be7 8. Nf3 c5 9. 0-0 a6 10. Qe2 b5 11. Ba2 Bb7 12. Rd1 Nbd7 13. dxc5 Bxc5 14. e4 Ng4 15. Nd4 Qh4 16. h3 Nxf2 17. Qxf2 Qxf2+ 18. Kxf2 e5 19. Be3 exd4 20. Bxd4 Rfd8 21. Ke3 Rac8 22. Bxc5 Nxc5 23. Rxd8+ Rxd8 24. Rf1 Rd3+ 25. Ke2 Rd7 26. Ke3 Rd3+ 27. Ke2 Rd7 28. Ke3 Rd3+ 29. Ke2 1/2-1/2

[Event "Olomouc GM-A 24th"]
[Site "Olomouc"]
[Date "2023.08.17"]
[Round "7"]
[White "Stinka, Jakub"]
[Black "Poltorak, Sebastian"]
[Result "1-0"]
[WhiteElo "2298"]
[BlackElo "2356"]
[PlyCount "77"]
[EventDate "2023.08.12"]
[EventType "tourn"]
[EventRounds "9"]
[EventCountry "CZE"]
[EventCategory "6"]
[SourceTitle "CBM 215 Extra"]
[Source "ChessBase"]
[SourceDate "2023.09.30"]
[SourceVersion "1"]
[SourceVersionDate "2023.09.30"]
[SourceQuality "1"]

1. d4 Nf6 2. c4 e6 3. Nc3 Bb4 4. e3 0-0 5. Bd3 c5 6. Nf3 b6 7. 0-0 Bb7 8. Qe2 Bxc3 9. bxc3 Ne4 10. Qc2 f5 11. Nd2 Qh4 12. f3 Ng5 13. Nb3 Rf6 14. Qf2 Qh5 15. h4 Nf7 16. e4 d6 17. exf5 exf5 18. Qg3 Nc6 19. Bf4 Kh8 20. Rae1 Rg8 21. Bg5 Nxg5 22. hxg5 Qg6 23. Qh4 Rff8 24. f4 cxd4 25. cxd4 Qf7 26. d5 Nb4 27. Re6 g6 28. Bb1 Bc8 29. Qe1 Nxd5 30. cxd5 Bxe6 31. dxe6 Qg7 32. Qd2 Rd8 33. Re1 Rge8 34. Nd4 d5 35. Bxf5 gxf5 36. Nxf5 Qg6 37. Qd4+ Kg8 38. Nh6+ Kf8 39. e7+ 1-0

[Event "Olomouc GM-A 24th"]
[Site "Olomouc"]
[Date "2023.08.14"]
[Round "4"]
[White "Natsidis, Christoph"]
[Black "Stinka, Jakub"]
[Result "1/2-1/2"]
[WhiteElo "2342"]
[BlackElo "2298"]
[PlyCount "41"]
[EventDate "2023.08.12"]
[EventType "tourn"]
[EventRounds "9"]
[EventCountry "CZE"]
[EventCategory "6"]
[SourceTitle "CBM 215 Extra"]
[Source "ChessBase"]
[SourceDate "2023.09.30"]
[SourceVersion "1"]
[SourceVersionDate "2023.09.30"]
[SourceQuality "1"]

1. Nf3 Nf6 2. g3 d5 3. Bg2 c6 4. 0-0 Bg4 5. c4 e6 6. b3 Nbd7 7. Bb2 Bd6 8. d3 0-0 9. Nbd2 Qe7 10. Qc2 e5 11. h3 Bxf3 12. Nxf3 Rfe8 13. e3 Ba3 14. Bxa3 Qxa3 15. cxd5 Nxd5 16. Rfd1 a5 17. d4 e4 18. Ne5 Nxe5 19. dxe5 Rxe5 20. Bxe4 Rxe4 21. Qxe4 1/2-1/2

[Event "Olomouc GM-A 24th"]
[Site "Olomouc"]
[Date "2023.08.13"]
[Round "3"]
[White "Plat, Vojtech"]
[Black "Stinka, Jakub"]
[Result "1/2-1/2"]
[WhiteElo "2486"]
[BlackElo "2298"]
[PlyCount "70"]
[EventDate "2023.08.12"]
[EventType "tourn"]
[EventRounds "9"]
[EventCountry "CZE"]
[EventCategory "6"]
[SourceTitle "CBM 215 Extra"]
[Source "ChessBase"]
[SourceDate "2023.09.30"]
[SourceVersion "1"]
[SourceVersionDate "2023.09.30"]
[SourceQuality "1"]

1. e4 e5 2. Nf3 Nf6 3. Nxe5 d6 4. Nf3 Nxe4 5. Bd3 Nf6 6. 0-0 Be7 7. h3 0-0 8. c3 b6 9. Bc2 Bb7 10. Re1 Nbd7 11. d4 Re8 12. Bf4 Bf8 13. Nbd2 Rxe1+ 14. Qxe1 Qe7 15. Qf1 Re8 16. Qc4 Qd8 17. Bg5 g6 18. Bh4 Qc8 19. Ng5 d5 20. Qf1 Ba6 21. Bd3 Bxd3 22. Qxd3 Bg7 23. Ngf3 Ne4 24. Re1 Nxd2 25. Rxe8+ Qxe8 26. Nxd2 Qe1+ 27. Nf1 Qa1 28. Qb5 Nf8 29. a4 a6 30. Qxd5 Qxb2 31. Qc6 b5 32. axb5 axb5 33. Bg3 b4 34. cxb4 Qxd4 35. b5 Be5 1/2-1/2

[Event "Pardubice Czech op-A 34th"]
[Site "Pardubice"]
[Date "2023.07.27"]
[Round "7"]
[White "Stinka, Jakub"]
[Black "Vykouk, Jan"]
[Result "0-1"]
[WhiteElo "2306"]
[BlackElo "2467"]
[PlyCount "104"]
[EventDate "2023.07.21"]
[EventType "swiss"]
[EventRounds "9"]
[EventCountry "CZE"]
[SourceTitle "CBM 215 Extra"]
[Source "ChessBase"]
[SourceDate "2023.09.30"]
[SourceVersion "1"]
[SourceVersionDate "2023.09.30"]
[SourceQuality "1"]

1. d4 Nf6 2. c4 g6 3. Nc3 Bg7 4. e4 d6 5. f4 0-0 6. Nf3 c5 7. d5 e6 8. Be2 exd5 9. cxd5 Bg4 10. 0-0 Nbd7 11. a4 Re8 12. h3 Bxf3 13. Bxf3 c4 14. Be3 Qa5 15. Bd4 a6 16. Kh1 Rab8 17. Re1 Nc5 18. Bxc5 Qxc5 19. e5 dxe5 20. fxe5 Nd7 21. e6 fxe6 22. Bg4 Ne5 23. Bxe6+ Kh8 24. Ne4 Qe7 25. Qd2 Rbd8 26. Rf1 h6 27. Qe3 Rf8 28. Rad1 Nd3 29. b3 b5 30. axb5 axb5 31. bxc4 bxc4 32. Qg3 g5 33. h4 gxh4 34. Qg4 Ne5 35. Qh5 Rxf1+ 36. Rxf1 Rf8 37. Rf5 Nd3 38. Rxf8+ Qxf8 39. Qf5 Qa3 40. Qf1 Qe7 41. Qb1 Be5 42. Qf1 Kg7 43. Qf5 Qf8 44. Qg4+ Kh8 45. Bf5 Qa8 46. Qd1 c3 47. g3 hxg3 48. Qxd3 Qa1+ 49. Kg2 Qb2+ 50. Kf3 c2 51. d6 c1Q 52. d7 Qf4# 0-1

[Event "Pardubice Czech op-A 34th"]
[Site "Pardubice"]
[Date "2023.07.25"]
[Round "5"]
[White "Stinka, Jakub"]
[Black "Warchol, Kamil"]
[Result "1-0"]
[WhiteElo "2306"]
[BlackElo "2010"]
[PlyCount "119"]
[EventDate "2023.07.21"]
[EventType "swiss"]
[EventRounds "9"]
[EventCountry "CZE"]
[SourceTitle "CBM 215 Extra"]
[Source "ChessBase"]
[SourceDate "2023.09.30"]
[SourceVersion "1"]
[SourceVersionDate "2023.09.30"]
[SourceQuality "1"]

1. d4 Nf6 2. c4 e6 3. Nf3 d5 4. cxd5 exd5 5. Nc3 c6 6. Bf4 Bf5 7. e3 Nbd7 8. h3 Be7 9. g4 Bg6 10. Nh4 Nf8 11. Nf5 Bxf5 12. gxf5 Bd6 13. Qf3 Qc7 14. Bxd6 Qxd6 15. Bd3 N8d7 16. Rg1 g6 17. 0-0-0 0-0-0 18. Qg3 Nb6 19. Qxd6 Rxd6 20. f3 Rhd8 21. b3 Kb8 22. Ne2 Re8 23. Kd2 Nc8 24. Nf4 Ne7 25. h4 Rg8 26. Rg5 Rdd8 27. Rdg1 Kc7 28. Kc3 Kd7 29. fxg6 hxg6 30. e4 dxe4 31. fxe4 Rh8 32. Ng2 Rhf8 33. Ne3 Kc7 34. Rf1 Ne8 35. h5 Ng7 36. Re5 Nc8 37. hxg6 fxg6 38. Rg1 Rf6 39. Reg5 Ne6 40. Rxg6 Rxg6 41. Rxg6 Nxd4 42. Rg7+ Kb8 43. e5 Nb6 44. Bc4 Nxc4 45. Nxc4 Ne6 46. Rh7 Ng5 47. Re7 Ne4+ 48. Kc2 b5 49. Na5 Rd2+ 50. Kc1 Rxa2 51. Nxc6+ Kc8 52. Nxa7+ Kd8 53. Nc6+ Kc8 54. e6 Nc5 55. Nd4 Nd3+ 56. Kd1 Nf2+ 57. Ke1 Nd3+ 58. Kf1 Rf2+ 59. Kg1 Rf6 60. Nxb5 1-0

[Event "Pardubice Czech op-E 34th"]
[Site "Pardubice"]
[Date "2023.07.14"]
[Round "2"]
[White "Straka, Vojtech"]
[Black "Stinka, Jakub"]
[Result "1-0"]
[WhiteElo "2433"]
[BlackElo "2306"]
[PlyCount "55"]
[EventDate "2023.07.13"]
[EventType "team-swiss"]
[EventRounds "7"]
[EventCountry "CZE"]
[SourceTitle "CBM 215 Extra"]
[Source "ChessBase"]
[SourceDate "2023.09.30"]
[SourceVersion "1"]
[SourceVersionDate "2023.09.30"]
[SourceQuality "1"]
[WhiteTeam "Brno Moravska Slavia"]
[BlackTeam "Jihocesi"]
[WhiteTeamCountry "CZE"]
[BlackTeamCountry "CZE"]

1. c4 e6 2. Nc3 d5 3. d4 c5 4. cxd5 cxd4 5. Qa4+ Bd7 6. Qxd4 exd5 7. Qxd5 Nc6 8. Nf3 Nf6 9. Qd1 Bc5 10. e3 Qe7 11. Be2 0-0 12. 0-0 Rfd8 13. a3 Bf5 14. Qa4 Rac8 15. b4 Bb6 16. Bb2 Ng4 17. Qb5 Bg6 18. Rad1 Nxf2 19. Rxf2 Qxe3 20. Rdf1 a6 21. Qa4 Qf4 22. Qb3 Ne5 23. Nd5 Nxf3+ 24. Bxf3 Bxf2+ 25. Rxf2 Qg5 26. Re2 Re8 27. Qc3 Bf5 28. Ne7+ 1-0

[Event "Ceske Budejovice IM"]
[Site "Ceske Budejovice"]
[Date "2023.07.07"]
[Round "7"]
[White "Dudek, Vojtech"]
[Black "Stinka, Jakub"]
[Result "0-1"]
[WhiteElo "2263"]
[BlackElo "2306"]
[PlyCount "96"]
[EventDate "2023.07.01"]
[EventType "tourn"]
[EventRounds "9"]
[EventCountry "CZE"]
[EventCategory "2"]
[SourceTitle "CBM 215 Extra"]
[Source "ChessBase"]
[SourceDate "2023.09.30"]
[SourceVersion "1"]
[SourceVersionDate "2023.09.30"]
[SourceQuality "1"]

1. Nf3 Nf6 2. b3 d5 3. Bb2 g6 4. e3 Bg7 5. Be2 0-0 6. c4 c6 7. 0-0 Bg4 8. d3 Nbd7 9. Nbd2 a5 10. a3 e6 11. Qc2 Ne8 12. b4 Bxf3 13. Bxf3 Bxb2 14. Qxb2 Qf6 15. Qxf6 Nexf6 16. Rfb1 axb4 17. axb4 Ne5 18. cxd5 Nxf3+ 19. gxf3 Nxd5 20. Rxa8 Rxa8 21. Ne4 b5 22. Nc5 Ra3 23. d4 Kf8 24. Nd7+ Ke7 25. Ne5 Ra6 26. Nd3 g5 27. Kg2 f6 28. Rb2 Ra3 29. Nc5 h6 30. h3 Nb6 31. Kg1 Nc4 32. Rb3 Ra2 33. Kg2 f5 34. e4 f4 35. Rd3 Rb2 36. d5 exd5 37. exd5 Ne3+ 38. Kg1 Nxd5 39. Ra3 Rxb4 40. Ra7+ Kd6 41. Ne4+ Ke5 42. Nc5 Rb1+ 43. Kg2 b4 44. Ra6 b3 45. Rxc6 b2 46. Nd3+ Kd4 47. Nxb2 Rxb2 48. Rxh6 Ne3+ 0-1

[Event "CZE-chT1W 2223"]
[Site "Czech Republic"]
[Date "2023.01.29"]
[Round "7.1"]
[White "Stinka, Jakub"]
[Black "Brozka, Karel"]
[Result "1/2-1/2"]
[WhiteElo "2320"]
[BlackElo "2161"]
[PlyCount "40"]
[EventDate "2022.10.09"]
[EventType "team-tourn"]
[EventRounds "11"]
[EventCountry "CZE"]
[SourceTitle "CBM 213 Extra"]
[Source "ChessBase"]
[SourceDate "2023.05.31"]
[SourceVersion "1"]
[SourceVersionDate "2023.05.31"]
[SourceQuality "1"]
[WhiteTeam "Pankrac"]
[BlackTeam "Polabiny III"]
[WhiteTeamCountry "CZE"]
[BlackTeamCountry "CZE"]

1. e4 c6 2. d4 d5 3. exd5 cxd5 4. c4 Nf6 5. Nc3 g6 6. Qb3 Bg7 7. cxd5 0-0 8. Be2 Na6 9. Bf3 b5 10. Nge2 b4 11. Ne4 Nxe4 12. Bxe4 Bb7 13. Be3 Qd7 14. 0-0 Rfd8 15. Nf4 Qd6 16. Rac1 e6 17. Qd3 exd5 18. Nxd5 Bxd5 19. Bxd5 Qxd5 20. Qxa6 Bxd4 1/2-1/2